ELECTRIC MACHINERY AND POWER SYSTEM FUNDAMENTALS (Record no. 569480)

000 -LEADER
fixed length control field 00381nam a22001337a 4500
020 ## - INTERNATIONAL STANDARD BOOK NUMBER
International Standard Book Number 0-07-229135-4
082 ## - DEWEY DECIMAL CLASSIFICATION NUMBER
Classification number 621.31042 CHA
100 ## - MAIN ENTRY--PERSONAL NAME
Personal name CHAPMAN, STEPHEN J
9 (RLIN) 19160
245 ## - TITLE STATEMENT
Title ELECTRIC MACHINERY AND POWER SYSTEM FUNDAMENTALS
260 ## - PUBLICATION, DISTRIBUTION, ETC.
Place of publication, distribution, etc. NEW YORK
Name of publisher, distributor, etc. MCGRAW HILL
Date of publication, distribution, etc. 2002
300 ## - PHYSICAL DESCRIPTION
Extent XIX,673P
650 ## - SUBJECT ADDED ENTRY--TOPICAL TERM
Topical term or geographic name entry element ELECTRIC MACHINERY; ELECTRIC POWER MACHINERY
9 (RLIN) 59524
942 ## - ADDED ENTRY ELEMENTS (KOHA)
Koha item type Book
Holdings
Withdrawn status Lost status Damaged status Not for loan Permanent Location Current Location Shelving location Date acquired Total Checkouts Full call number Barcode Date last seen Price effective from Koha item type
        College of Electrical & Mechanical Engineering (CEME) College of Electrical & Mechanical Engineering (CEME) General Stacks 07/18/2017   621.31042 CHA CEME-35927 06/28/2021 06/28/2021 Book
© 2023 Central Library, National University of Sciences and Technology. All Rights Reserved.